LEADER 03790nam 2200601 450 001 9910480023703321 005 20180613001251.0 010 $a1-4704-0602-0 035 $a(CKB)3360000000464405 035 $a(EBL)3113568 035 $a(SSID)ssj0000910350 035 $a(PQKBManifestationID)11500165 035 $a(PQKBTitleCode)TC0000910350 035 $a(PQKBWorkID)10932360 035 $a(PQKB)10498605 035 $a(MiAaPQ)EBC3113568 035 $a(PPN)195411048 035 $a(EXLCZ)993360000000464405 100 $a20790713h19791979 uy| 0 101 0 $aeng 135 $aur|n|---||||| 181 $ctxt 182 $cc 183 $acr 200 10$aAlgebraic cobordism and K-theory /$fVictor P. Snaith 210 1$aProvidence, Rhode Island :$cAmerican Mathematical Society,$d[1979] 210 4$d©1979 215 $a1 online resource (163 p.) 225 1 $aMemoirs of the American Mathematical Society ;$vnumber 221 300 $a"Volume 21 ... second of 3 numbers." 311 $a0-8218-2221-7 320 $aBibliography: pages 144-149. 327 $a""Table of Contents""; ""Prologue - global summary of results and motivation""; ""Part I: Cobordism and the stable homotopy of classifying space""; ""A?1: Introduction, statement of results of Part I""; ""A?2: Computations with the transfer""; ""A?3: Factorisations of QBU(l), QB0(2) and QBSp(l)""; ""A?4: Stable decompositions of BU, BSp, BO and BSO""; ""A?5: The first connections of a???[sup(s)][sub(*)](BG) with cobordism""; ""A?6: A computation - application to a???[sup(s)][sub(*)](BG)(BU(n))"" 327 $a""A?7: The deviation from additivity of the real transfer and of the Becker-Gottlieb solution to the real Adams conjecture""""A?8: Stable decompositions of BGL3F[sub(q)] and B03F[sub(3)]""; ""Part II: A new construction of unitary and symplectic cobordism""; ""A?0: Introduction, statement of results of Part II""; ""A?1: The homology of the stable decomposition of I?©[sup(t)]I?£[sup(t)]BU(1)""; ""A?2: AUA?° (X), ASpA?°(X) and their relation with cobordism""; ""A?3: The spectra AU and ASp""; ""A?4: Adams operations in MU- and AU-theory"" 327 $a""A?0: Introduction, statement of results of Part III""""A?1: The spectrum X(b) - examples including cobordism, K-Theory and algebraic cobordism""; ""A?2: The stable homotopy of BO, some new elements in a???[sup(s)][sub(*)](BO)""; ""A?3: Unoriented cobordism as an X(b)-spectrum""; ""A?4: New elements in a???[sup(s)][sub(*)](ImJ)""; ""A?5: The algebraic cobordism of Z and its epimorphism onto a???[sub(*)](MO)""; ""Part IV: Algebraic cobordism and geometry""; ""A?0: Epilogue, statement of results and the advocation of a cobordismic viewpoint"" 327 $a""A?1: Algebraic vector bundles over number fields, a remark on a problem of Atiyah""""A?2: An analogue of the Pontrjagin-Thom construction on the etale site, with examples""; ""A?3: Some computations of the p-adic algebraic cobordism of schemes over Spec IF[sub(q)]""; ""A?4: Units, p-adic cobordism of IF[sub(q)] -algebras and their Quillen K-theory""; ""A?5: Twelve problems arising from Parts I - IV""; ""A?6: Bibliography""; ""A?7: Footnotes"" 410 0$aMemoirs of the American Mathematical Society ;$vno. 221. 606 $aCobordism theory 606 $aK-theory 606 $aHomotopy theory 608 $aElectronic books. 615 0$aCobordism theory. 615 0$aK-theory. 615 0$aHomotopy theory. 676 $a514/.23 700 $aSnaith$b Victor P$g(Victor Percy),$f1944-$058899 801 0$bMiAaPQ 801 1$bMiAaPQ 801 2$bMiAaPQ 906 $aBOOK 912 $a9910480023703321 996 $aAlgebraic cobordism and K-theory$92179256 997 $aUNINA LEADER 02202nam 2200397 450 001 996280674203316 005 20231206214110.0 010 $a1-5044-0312-6 024 7 $a10.1109/IEEESTD.1972.7409897 035 $a(CKB)3710000000595637 035 $a(NjHacI)993710000000595637 035 $a(EXLCZ)993710000000595637 100 $a20231206d1972 uy 0 101 0 $aeng 135 $aur||||||||||| 181 $ctxt$2rdacontent 182 $cc$2rdamedia 183 $acr$2rdacarrier 200 10$aIEEE Std 347-1972 (ANSI S4.6-1973) $eIEEE standard method of measuring recorded flux of magnetic sound records at medium wavelengths /$fInstitute of Electrical and Electronics Engineers 210 1$aPiscataway, New Jersey :$cIEEE,$d1972. 215 $a1 online resource (8 pages) 330 $aThe knowledge of the recorded signal amplitude on a magnetic record (which may be in the form of a tape, a disc, o? a perforated film) has several practical uses: (1) for determining and standardizing references for the levels of audio programs on these magnetic records; (2) for specifying the recording-performance properties of magnetic media (for example, the distortion versus flux, etc); and (3) for measuring and specifying the sensitivity of reproducing heads (and also, by reciprocity, recording heads). The quantity for specifying the recorded signal is the short-circuit magnetic flux, sometimes simply shortened to flux. Several possible methods exist for measuring tape flux, but the measurement given here involves only the use of a calibrated ring-core head which is described in the reference of the standard. Note that the present standard measurement is only for "medium wavelengths". 517 $aIEEE Std 347-1972 606 $aMagnetic recorders and recording 606 $aMagnetic tapes 606 $aSound$xRecording and reproducing 615 0$aMagnetic recorders and recording. 615 0$aMagnetic tapes. 615 0$aSound$xRecording and reproducing. 676 $a621.38932 801 0$bNjHacI 801 1$bNjHacl 906 $aDOCUMENT 912 $a996280674203316 996 $aIEEE Std 347-1972 (ANSI S4.6-1973)$93646415 997 $aUNISA LEADER 01175nas 2200409 c 450 001 9910142813503321 005 20260218112941.0 024 7 $aurn:nbn:de:hbz:5:2-28140 035 $a(CKB)1000000000531319 035 $a(DE-599)ZDB2317262-9 035 $a(OCoLC)643056611 035 $a(DE-101)984403531 035 $a(DE-599)2317262-9 035 $a(EXLCZ)991000000000531319 100 $a20070525b20042006 |y | 101 0 $ager 135 $aur||||||||||| 181 $ctxt$2rdacontent 182 $cc$2rdamedia 183 $acr$2rdacarrier 200 10$aDoping-Bilanz der NADA für den deutschen Sport$evorgelegt von der Nationalen Anti-Doping-Agentur (NADA) anlässlich der Pressekonferenz am ... in .. 210 31$aBonn$d2004-2006 215 $aOnline-Ressource 300 $aGesehen am 13.02.2018 517 1 $aJahresbericht 608 $aZeitschrift$2gnd-content 676 $a610 676 $a793 676 $a796 686 $a31$2ssgn 801 0$b4014 801 1$bDE-101 801 2$b0005 906 $aJOURNAL 912 $a9910142813503321 996 $aDoping-Bilanz der NADA fu?r den deutschen Sport$92132814 997 $aUNINA